[Event "GBR-ch 98th"]
[Site "Sheffield"]
[Date "2011.08.02"]
[Round "8"]
[White "Buckley, Graeme N"]
[Black "Wells, Peter K"]
[Result "0-1"]
[WhiteElo "2380"]
[BlackElo "2489"]
[Annotator "Martin,A"]
[PlyCount "64"]
[EventDate "2011.07.24"]
[EventType "swiss"]
[EventRounds "11"]
[EventCountry "ENG"]
[SourceTitle "CBM 143 Extra"]
[Source "ChessBase"]
[SourceDate "2011.08.29"]
[SourceVersion "1"]
[SourceVersionDate "2011.08.29"]
[SourceQuality "1"]

{Moving away temporarily from the top boards, here is a sharp clash in the
Nimzo-Indian.} 1. d4 Nf6 2. c4 e6 3. Nc3 Bb4 4. Nf3 c5 5. e3 O-O 6. Bd3 d5 7.
O-O dxc4 8. Bxc4 Nbd7 9. a3 cxd4 10. axb4 dxc3 11. bxc3 Qc7 {Black gives up
the bishop pair and gets easy development, with ...b6 and ...Bb7 to follow.
The dark-squared bishop is White's main trump, but it not so easy to get this
bishop going.} 12. Be2 (12. Qb3 e5 (12... b6) 13. Be2 Nb6 14. Ra5 Be6 15. Qc2
Nbd7 16. Bb2 b6 17. Ra6 Bc4 18. Bxc4 Qxc4 19. Rfa1 Rfc8 20. Rxa7 Rxa7 21. Rxa7
b5 22. h3 h6 23. Qd1 Qc6 24. Nd2 Nb6 25. Qb3 Rc7 26. Rxc7 Qxc7 27. e4 Ne8 28.
f3 Nd6 29. Bc1 Qa7 30. Kh2 Qa4 31. Qb1 Qd1 32. Qd3 Ndc4 33. Qf1 Qc2 34. Nxc4
Nxc4 35. Qe1 Qd3 36. Kg3 Kh7 37. Kf2 Qc2+ 38. Kg3 Qd3 39. Kf2 Qb1 40. h4 h5 41.
Bg5 Qc2+ 42. Kg1 Qd3 43. Kf2 Qc2+ 44. Kg1 Qd3 45. Kf2 Qc2+ {1/2-1/2 Wojtaszek,
R (2726)-Hammer,J (2647)/Wijk aan Zee 2011/Mega2011 Update 06}) 12... b6 (12...
Nd5 13. c4 (13. Ba3 Qxc3 14. Qb1 Qf6 15. Bd3 h6 16. b5 Rd8 17. Bb2 Qe7 18. Ra4
b6 19. Bh7+ Kh8 20. Rh4 N7f6 21. Ne5 Bd7 22. Ba3 Qe8 23. Bd3 Rac8 24. Qb2 Kg8
25. h3 Rc3 26. Rd1 Rdc8 27. Rd4 Rxd3 28. R1xd3 Bxb5 29. Rd2 a6 30. Ng4 Nxg4 31.
Rxg4 f6 32. Rxd5 exd5 33. Qxf6 Qd7 34. Rxg7+ Qxg7 35. Qe6+ Kh7 36. Qf5+ Qg6 37.
Qxc8 Qc6 38. Qd8 Qe6 39. Bb2 a5 40. Qh8+ Kg6 41. Qg7+ Kf5 42. Qg4# {1-0
Aronian,L (2782)-Karjakin,S (2725)/Nice 2010/CBM 135 Extra}) 13... Nc3 14. Qc2
Nxe2+ 15. Qxe2 b6 16. Bb2 Bb7 (16... e5 17. Rfd1 f6 18. Qd3 Rf7 19. Nd2 Nf8 20.
Ne4 Be6 21. c5 Rd7 22. Qc3 Rxd1+ 23. Rxd1 a5 24. Ba3 axb4 25. Bxb4 bxc5 26.
Qxc5 Qb7 27. Nd6 Qa6 28. h3 Rb8 29. Bc3 Qe2 30. Ra1 Qc2 31. Qc7 Nd7 32. Ra7 h5
33. Rb7 Ra8 34. Qc6 Ra2 35. Rxd7 Bxd7 36. Qf3 Be6 37. e4 Ra6 38. Nf5 Bxf5 39.
exf5 Qc1+ 40. Kh2 Qf4+ 41. Qxf4 exf4 42. f3 Rd6 {0-1 Kanarek,M (2405)-Macieja,
B (2636)/Warsaw 2011/CB07_2011}) 17. Nd4 a6 18. Rfc1 Rfc8 19. f3 Ne5 20. c5 Nc6
21. Nxc6 Qxc6 22. Qc4 f6 23. Rd1 Rd8 24. Qb3 bxc5 25. bxc5 Rd5 26. Rxd5 Qxd5
27. Qxd5 Bxd5 28. Bc3 Rc8 29. Rxa6 {1/2-1/2 Kashlinskaya,A (2327)-Galojan,L 
(2385)/Moscow 2011/CB05_2011}) 13. c4 {Yes, the bishop can reach b2, but White
has potential targets on c4 and b4 to look after. The position is unclear, but
perhaps White is very slightly better off for choice.} Bb7 14. Qd4 $5 {Buckley
provokes complications, yet it may have been better just to settle for 14.Bb2:}
(14. Bb2 a5 $1 (14... Rfd8 15. Nd4 a6 16. f3 e5 17. Nf5 Nf8 18. Qb3 $14) 15.
bxa5 Rxa5 16. Rxa5 bxa5 17. Qa1 Ra8 $14) 14... e5 15. Qh4 Rfe8 16. Bb2 Nf8 {
The position of the white queen allows Black to gain time after a subsequent ..
.Ng6, and with it, counterplay.} 17. h3 Ng6 18. Qg3 Ne4 19. Qh2 {An
unglamorous location.} a5 20. h4 f6 21. b5 $2 ({Opening the position up with} 
21. bxa5 {makes more sense:} Rxa5 22. h5 Ne7 (22... Nf8 23. h6 g6 24. Qh4 $13)
23. h6 $13) 21... Rad8 {Now that Black has no worries on the queenside to
consider, he can look forward to the future with the white queen still a
target.} 22. Nd4 Nf4 $1 {A super tactical shot which immediately gives Black
almost a winning advantage.} 23. Bf3 (23. exf4 exd4 24. Bd3 (24. f5 Qxh2+ 25.
Kxh2 Nd2 26. Rfe1 d3 27. Bh5 Rxe1 28. Rxe1 Nxc4 $19) 24... Nc5 25. Qg3 Be4 $1
$17) (23. Bg4 Qxc4 24. Rfc1 Qb4 25. Ba3 Qd2 26. Rc2 Qd3 $19) 23... Nd2 $19 24.
Bxb7 Nxf1 25. Rxf1 Qxb7 26. Nc6 Ne2+ 27. Kh1 Rd2 {As usual when he has enough
time left, Pete Wells is merciless in tactical complications.} 28. Ba1 Qd7 29.
Qh3 Qd3 30. Qf3 Rd1 31. Rxd1 Qxd1+ 32. Kh2 e4 {Plus 17 to Black says Deep
Fritz. That is more than Graeme Buckley can bear.} 0-1

[Event "Metz op 30th"]
[Site "Metz"]
[Date "2012.04.17"]
[Round "5"]
[White "Cornette, Matthieu"]
[Black "Vorobiov, Evgeny E"]
[Result "1/2-1/2"]
[WhiteElo "2545"]
[BlackElo "2580"]
[Annotator "Metz Alekhine/Primel,D"]
[PlyCount "140"]
[EventDate "2012.04.14"]
[EventType "swiss"]
[EventRounds "9"]
[EventCountry "FRA"]
[SourceTitle "EXT 2013"]
[Source "ChessBase"]
[SourceDate "2012.11.22"]
[SourceVersion "1"]
[SourceVersionDate "2012.11.22"]
[SourceQuality "1"]

1. d4 {01h30} Nf6 2. c4 e6 3. Nc3 Bb4 4. e3 O-O 5. Bd3 d5 6. Nf3 c5 7. O-O cxd4
8. exd4 dxc4 9. Bxc4 {92} b6 {91} 10. Qe2 (10. Bg5 {La grande ligne}) 10... Bb7
11. Rd1 Nbd7 12. d5 $5 {Cette vieille ligne était populaire au début des
années 60 avant de connaitre une éclipse mais elle recommence а être jouée а
haut niveau depuis la fin des années 2000} (12. Bd2) (12. Bg5) 12... Bxc3 $1 (
12... exd5 $143 13. Nxd5 Re8 14. Qc2 $14 {Cornette,M (2562)-Van Wely,L (2675)
FRA-chT Top 12 2011 (3.1) 1/2}) 13. dxe6 Bxf3 14. gxf3 fxe6 15. bxc3 Kh8 {82} (
15... Qc7 16. Bxe6+ Kh8 17. Be3 Rae8 18. Qc4 Qb7 19. Bxd7 Nxd7 20. Qd5 Qxd5 21.
Rxd5 Ne5 22. f4 Nc4 23. Bd4 Kg8 24. f5 Rd8 25. Rxd8 Rxd8 26. f6 g6 27. Re1 Nd6
28. Kg2 Rd7 29. Be5 Ne8 30. Re4 Kf7 31. c4 Rd8 32. c5 Rd5 33. Bd4 bxc5 34. Re7+
Kf8 35. Be5 h6 36. Re6 Kf7 37. Re7+ Kf8 38. f4 Nxf6 39. Bxf6 Rd6 40. Bh4 g5 41.
Rxa7 gxh4 42. Kf3 c4 43. Kg4 Rc6 44. Rd7 c3 45. Rd1 {Wang Hao (2742)-Leko,P 
(2737) London 2012 1/2-1/2}) 16. Ba3 {[%csl Ga3] 91 Continuant de suivre la
préparation} Re8 17. Bb5 {92} a6 {72 Les Noirs ont plus de mal а se rappeler
la théorie} 18. Bc6 {83} Ra7 $5 $146 {[%cal Ga7c7,Gd8c8] 66} (18... Rc8 19. Rd6
Qe7 20. Bb4 Qf7 21. Rad1 Rc7 22. c4 h6 23. Bc3 Rec8 24. Bxd7 Rxd7 25. Rxb6
Rxd1+ 26. Qxd1 Nh5 27. Be5 Qg6+ 28. Kh1 Rxc4 29. Rxa6 Qf5 30. Ra5 Kh7 31. Bc7
Qg6 32. Bg3 Rb4 33. Qd2 Qb1+ 34. Kg2 Nxg3 35. hxg3 Rb2 36. Qe3 Rxa2 37. Rxa2
Qxa2 {1/2-1/2 (37) Sasikiran,K (2669)-Aleksandrov,A (2616) Warsaw 2009}) 19.
Rd6 Qc8 {Après une longue réflexion de 20 mns} (19... Qb8 20. Rad1 $36) 20. c4
Rc7 21. Ba4 Rg8 $5 {Un plan original} 22. Rad1 Nc5 23. Bxc5 Rxc5 24. Qxe6 {
Gagne un P mais les Noirs ont des bonnes compensations avec les faiblesses
structurelles du français} Qxe6 (24... Rg5+ 25. Kh1 Qb7 $44) 25. Rxe6 b5 26.
cxb5 axb5 27. Bb3 Rf8 $1 {[%csl Rf3]} 28. f4 {Empêche Rg5 mais le P aurait été
plus facile а défendre en "f3"} (28. Rd4 Nh5 29. Re7 {[%cal Gd4d7]} g6 30. Rdd7
Rc1+ 31. Bd1 Nf6 32. Rd6) 28... Rf5 29. Rd4 Nh5 30. Re5 g6 $11 {[%cal Gh8g7]}
31. Rxf5 Rxf5 32. Rd8+ Kg7 33. Rd7+ Kh6 34. Rb7 Nxf4 {[%csl Gf4,Rg1]} 35. Bg8
Kg5 36. Rxh7 {Malgré le P gagné, les chances de gain des Blancs sont trés
faibles car le K Blanc est mal placé mais le français ne risque rien а tenter
san chance} Rc5 37. f3 {[%cal Gg1f2]} (37. h4+ Kg4 {[%csl Rg1][%cal Gc5c1]})
37... Rc2 $1 $44 {[%csl Rg1]} 38. Bb3 Rb2 39. h4+ Kf5 40. Rf7+ Ke5 41. Re7+ Kf5
42. Rb7 Ne2+ 43. Kf2 Nc3+ (43... Nc1+ 44. Ke3 Re2+ 45. Kd4 Kf4 46. Rf7+ Kg3)
44. Ke3 Nxa2 {Après la liquidation des P de l'aile-dame, le N sera un peu
meilleur que le B et le russe a des bonnes chances d'annuler} 45. Rxb5+ Kf6 46.
Rb7 Nc1 47. Rf7+ Ke5 48. Bc4 Rc2 49. f4+ Kd6 50. Rf6+ Ke7 51. Re6+ Kd7 52. Re4
Nb3 53. Bf7 Rc3+ $2 (53... Rh2 $142 54. Bxg6 Rh3+ 55. Kf2 Rxh4 $11) 54. Kf2 Nc5
55. Rd4+ Ke7 56. Bxg6 Ne6 57. Rb4 Kf6 58. h5 $36 Kg7 59. Re4 Nf8 60. Re7+ Kh6
61. Bf5 $1 $40 {[%csl Rh6][%cal Ge7h7,Ge7f7] Tout d'un coup, le K Noir est
très exposé} Rc4 62. Kf3 Rc3+ 63. Kg4 {[%csl Rh6]} Rc1 64. Re8 $2 (64. Rf7 $142
{Plus fort car la R contrôle aussi la case "h7" et les Noirs sont en zugzwang
car ils ne peuvent pas protéger le N par Rc8} Rg1+ 65. Kh4 Rh1+ 66. Kg3 Rg1+
67. Kh3 Rh1+ (67... Rg8 $2 68. Kh4) 68. Kg2 Rxh5 69. Be4 {Gagne le NR}) 64...
Rg1+ 65. Kf3 Rf1+ 66. Kg3 Rg1+ 67. Kf2 Rg8 {Sauvetage miraculeux!} 68. Kf3 $2 (
68. Re5 $1 {[%cal Ge5h5,Gf5h7] Une jolie protection indirecte du P"h5"}) 68...
Kxh5 69. Rc8 Kh6 70. Ke4 Kg7 1/2-1/2

[Event "Olympiad-23"]
[Site "Buenos Aires"]
[Date "1978.11.10"]
[Round "14"]
[White "Gligoric, Svetozar"]
[Black "Portisch, Lajos"]
[Result "1/2-1/2"]
[WhiteElo "2565"]
[BlackElo "2630"]
[Annotator "Parma,B"]
[PlyCount "60"]
[EventDate "1978.10.25"]
[EventType "team-swiss"]
[EventRounds "14"]
[EventCountry "ARG"]
[SourceTitle "EXT 2000"]
[Source "ChessBase"]
[SourceDate "1999.11.16"]
[SourceVersion "1"]
[SourceVersionDate "1999.11.16"]
[SourceQuality "1"]
[WhiteTeam "Yugoslavia"]
[BlackTeam "Hungary"]
[WhiteTeamCountry "YUG"]
[BlackTeamCountry "HUN"]

{Inf.26/(660)} 1. d4 Nf6 2. c4 e6 3. Nc3 Bb4 4. e3 c5 5. Bd3 O-O 6. Nf3 d5 7.
O-O dxc4 8. Bxc4 Nbd7 9. Bd3 a6 10. a4 (10. a3 $5 Ba5 11. Qe2 $14) 10... Qe7 $5
11. Ne4 h6 12. Nxf6+ Qxf6 $11 13. Qe2 Rd8 14. Rd1 Qe7 15. Bc2 b6 16. Bd2 Bxd2
17. Rxd2 Bb7 18. Rad1 Rac8 19. dxc5 Nxc5 20. Rd4 Rxd4 21. Nxd4 a5 22. h3 Qg5
23. Qg4 Qxg4 24. hxg4 Rd8 25. f4 Bc8 26. Rb1 Bd7 27. b4 axb4 28. Rxb4 Ra8 29.
Rxb6 Bxa4 30. Bxa4 Nxa4 1/2-1/2

[Event "Olympiad-23"]
[Site "Buenos Aires"]
[Date "1978.10.26"]
[Round "2"]
[White "Woodhams, Michael V"]
[Black "Parma, Bruno"]
[Result "0-1"]
[WhiteElo "2385"]
[BlackElo "2540"]
[Annotator "Parma,B"]
[PlyCount "74"]
[EventDate "1978.10.25"]
[EventType "team-swiss"]
[EventRounds "14"]
[EventCountry "ARG"]
[SourceTitle "EXT 2000"]
[Source "ChessBase"]
[SourceDate "1999.11.16"]
[SourceVersion "1"]
[SourceVersionDate "1999.11.16"]
[SourceQuality "1"]
[WhiteTeam "Australia"]
[BlackTeam "Yugoslavia"]
[WhiteTeamCountry "AUS"]
[BlackTeamCountry "YUG"]

{Inf.26/660} 1. d4 Nf6 2. c4 e6 3. Nc3 Bb4 4. e3 c5 5. Bd3 O-O 6. Nf3 d5 7. O-O
dxc4 8. Bxc4 Nbd7 9. Qe2 b6 10. d5 Bxc3 11. dxe6 Ne5 (11... Ba5 $2 12. exd7
Qxd7 13. Rd1 $16) 12. bxc3 $6 Nxf3+ 13. Qxf3 Bxe6 14. Bxe6 fxe6 15. Qe2 $6 (15.
e4 Qd7 $11) 15... Qd7 {[/\ 16.Rd1 Qa4]} 16. f3 Rad8 17. Qc4 $2 (17. e4 Qd3 $15)
17... Qd5 18. Qxd5 Rxd5 $1 $17 19. Rb1 $2 (19. e4 Rd3 $17) 19... Rd3 $19 20.
Rb3 c4 $1 21. Ra3 a5 22. Re1 Ra8 23. e4 b5 24. Kf2 a4 $1 25. Re2 e5 26. Rb2 Ra5
27. Be3 Nd7 28. Bg5 Kf7 29. Ke2 (29. Bd8 Ra8 30. Bc7 (30. Bg5 Rb8 $19) 30...
Ra7 31. Bd8 Ke8 32. Bg5 Ra5 $19) 29... Ke8 30. g3 h6 31. Be3 Ke7 32. f4 Kd6 33.
fxe5+ Kc6 $1 34. Bd4 (34. e6 Nc5 35. e7 Ra8) 34... Nc5 35. Rb1 Ra8 36. Rf1 Ne6
37. Rf3 b4 0-1

[Event "Match/Team URS-World 20,5-19,5"]
[Site "Belgrade"]
[Date "1970.03.31"]
[Round "2.3"]
[White "Portisch, Lajos"]
[Black "Kortschnoj, Viktor Lvovich"]
[Result "1/2-1/2"]
[WhiteElo "2630"]
[BlackElo "2670"]
[Annotator "Portisch/Kortchnoi"]
[PlyCount "62"]
[EventDate "1970.03.29"]
[EventType "team"]
[EventRounds "4"]
[EventCountry "YUG"]
[SourceTitle "MCL"]
[Source "ChessBase"]
[SourceDate "1999.07.01"]
[SourceVersion "1"]
[SourceVersionDate "1999.07.01"]
[SourceQuality "1"]
[WhiteTeam "World"]
[BlackTeam "Soviet Union"]
[BlackTeamCountry "URS"]
[TimeControl "40/9000:16/5400:0"]

1. d4 Nf6 2. c4 e6 3. Nc3 Bb4 4. e3 O-O 5. Bd3 d5 6. Nf3 c5 7. O-O dxc4 8. Bxc4
Nbd7 9. Qb3 $5 {P/K} (9. Qc2 {Portisch=:P/Kortschnoj=:K}) 9... a6 (9... cxd4
10. exd4 (10. Qxb4 dxc3 11. Qxc3 b6) 10... Bxc3 11. bxc3 b6 {K}) 10. a4 Ba5 $5
{P} (10... Nb6 {P}) (10... Qe7 11. Rd1 Rd8 {/\ 12... Nf8 K}) (10... b6 11. Rd1
Bb7 12. d5 b5 13. axb5 axb5 14. Rxa8 Bxa8 15. Bxb5 exd5 16. Bd2 Qe7 {1/2-1/2 
(16) Petrosian,T-Ivkov,B Zagreb 1965}) 11. Rd1 cxd4 $146 (11... Qe7 12. Bd2 Bc7
13. a5 b5 14. axb6 Nxb6 15. Na4 Nxa4 16. Rxa4 Bb7 17. Be2 Be4 18. Be1 Bd5 19.
Bc4 Rfb8 20. Qc2 Bb7 21. Be2 Bd5 22. Bc4 {1/2-1/2 (22) Roizman,A-Antoshin,V
Leningrad 1962}) 12. exd4 Qb6 $1 {P} (12... Nb6 $6 13. Ne5 $1 $16 {P} (13. Bg5
{K})) 13. Qc2 Qc7 14. Bd3 (14. Qe2 Bxc3 15. bxc3 Nb6 16. Bd3 Nbd5 $1 {/\ Nc3,
Nf4 K}) 14... h6 $6 {P} (14... b6 $1 {K} 15. d5 $5 (15. Qe2 Bxc3 16. bxc3 Qxc3
$13) 15... Bxc3 (15... exd5 16. Nxd5 $16) 16. dxe6 Be5 (16... Ne5 17. exf7+ $13
) 17. exd7 Bxd7 $10 {P}) 15. Bd2 {/\ 16.Qc1 K} Bb4 (15... b6 $5 {P} 16. Rab1
Bb4 17. Qb3 {P}) 16. Qb3 $1 {P} (16. Qc1 Re8 $1 {K}) (16. Rac1 Qa5 {P}) 16...
Bd6 (16... Qa5 $6 17. Bf4 $1 {/\ Ne5 P}) 17. Rac1 Qd8 18. Bb1 b6 19. Ne5 $1 {K}
(19. Ne4 $5 {K} Nxe4 20. Bxe4 Ra7 $1 21. Ne5 Bxe5 22. dxe5 Nc5 23. Qe3 Nxe4 (
23... Rd7 24. Bc2 $16) 24. Qxe4 Qd5 $1 25. Qxd5 exd5 26. Be3 $14 {^- P} (26.
Bb4)) 19... Bb7 (19... Nxe5 $6 {P} 20. dxe5 Bxe5 21. Bxh6 Qc7 22. Be3 $16 {P/K}
) 20. Bf4 Qe7 21. Re1 {/\ 22.Ng6! P fg 23.Re6! K} Rfe8 22. Qc2 Rac8 (22... Nf8
23. Qd2 {/\ Re1-e3-g3 K}) 23. Nxd7 (23. Qd3 Nf8 {P}) 23... Qxd7 $2 {K} (23...
Bxf4 {!? P ! K} 24. Nxf6+ Qxf6 25. Qh7+ (25. Nd5 Bxh2+ 26. Kh1 Bxd5 27. Qxc8
Kf8 {K}) 25... Kf8 26. Nd5 {!? P ! K} Bxd5 27. Rxc8 Rxc8 28. Qh8+ Ke7 29. Qxc8
Qxd4 $13 {P/K}) 24. Be5 Qd8 $2 {K} (24... Be7 25. d5 $1 Rxc3 {K}) 25. Bxf6 Qxf6
26. Qh7+ Kf8 27. d5 $2 {P/K} (27. Be4 $1 Bxe4 28. Nxe4 Rxc1 29. Qh8+ Ke7 30.
Qxe8+ Kxe8 31. Nxf6+ $18 {P/K}) (27. Nd5 $2 Bxd5 28. Rxc8 Rxc8 29. Qh8+ Ke7 30.
Qxc8 Qf4 $1 $17 {P}) 27... Ke7 $1 {P} (27... Rxc3 {K}) 28. Rcd1 (28. dxe6 $142
{K} fxe6 29. Be4 $1 {P/K} Bxe4 (29... Rh8 $2 30. Bxb7 Rxh7 31. Nd5+ Kf7 32.
Nxf6 Rxc1 33. Rxc1 Kxf6 34. Rc6 $16 {P}) 30. Qxe4 Kf8 31. Qb7 Qf4 $1 32. g3 Qb4
$1 $10 {P}) (28. Ba2 {K}) 28... Rh8 29. Qd3 Rhd8 $1 {P} 30. Qe2 Bc5 31. Ba2 (
31. dxe6 $5 Rxd1 32. exf7+ Kxf7 $44 {^^ P}) 31... Kf8 (31... Kf8 32. Ne4 Qe5
$10 {P}) 1/2-1/2

[Event "Cannes Generations"]
[Site "Cannes"]
[Date "1998.??.??"]
[Round "7"]
[White "Gligoric, Svetozar"]
[Black "Bacrot, Etienne"]
[Result "1/2-1/2"]
[WhiteElo "2480"]
[BlackElo "2565"]
[Annotator "Psakhis,L"]
[PlyCount "74"]
[EventDate "1998.02.21"]
[EventType "schev"]
[EventRounds "8"]
[EventCountry "FRA"]
[SourceTitle "CBM 065"]
[Source "ChessBase"]
[SourceDate "1998.08.06"]
[SourceVersion "1"]
[SourceVersionDate "1998.08.06"]
[SourceQuality "1"]

1. d4 Nf6 2. c4 e6 3. Nc3 Bb4 4. e3 O-O 5. Bd3 c5 6. Nf3 d5 7. O-O dxc4 8. Bxc4
Nbd7 9. Qe2 b6 10. Rd1 cxd4 11. exd4 Bb7 12. Bd2 Rc8 13. Bd3 Be7 ({I suspect
that and after} 13... Bxc3 $5 14. bxc3 Qc7 15. c4 Rfe8 $1 {Black hasn,t any
problems, for example} 16. Rac1 e5 17. Nxe5 Nxe5 18. dxe5 Rxe5 19. Be3 Rce8 20.
h3 Qc6 $11 {1/2-1/2 Aleksandrov,A-Gulko,B/Wch Groningen 1997 (28)}) 14. Rac1 (
14. Ne5 Nd5 15. Qh5 g6 16. Qh6 Nxc3 17. Bxc3 Nxe5 18. dxe5 Qc7 19. Re1 Rfd8 $11
{0-1 Gligoric,S-Kholmov,R/Odessa 1975 (38)}) (14. Bf4 Nh5 15. Be3 Nhf6 16. Bf4
Nh5 17. Be5 g6 18. Be4 Bxe4 19. Qxe4 Ndf6 20. Qb7 Qd7 21. Qxd7 Nxd7 22. d5 Nxe5
23. Nxe5 exd5 24. Nxd5 Rfe8 25. Nd7 Kg7 26. g3 Nf6 $11 {1/2-1/2 Gligoric,
S-Keres,P/JUG ct 1959 (42)}) 14... Nd5 15. Bb1 ({Smyslov once played} 15. Ba6
$5 {and got nice position after} Nxc3 16. Bxc3 Bxa6 17. Qxa6 Rc7 18. d5 exd5
19. Rxd5 Bf6 20. Qd3 Qc8 21. Ng5 $14 {1-0 Smyslov-Darga/Havana 1964 (58), but
Black could play stronger, for example deserves attention 17.... Nf6}) 15...
N7f6 16. Re1 {N/} (16. Bg5 g6 (16... Re8 17. Ne5 Nxc3 18. Rxc3 Rxc3 19. bxc3 g6
20. Bh6 Qd5 21. f3 Rc8 22. Qb2 Ba6 23. Bd3 Bxd3 24. Rxd3 {1/2-1/2
Mohrlock-Ahlers/corr 1980}) 17. Bh6 Re8 18. Bd3 Qd6 19. Nb5 Qb8 20. Ne5 a6 21.
Nc3 b5 $13 {1-0 Najdorf,M-Filip,M/Varna ol 1962 (33)}) 16... Qd6 $1 {[%cal
Gf8d8,Gd6b8] The simplest way to finish development of pieces} 17. Nb5 (17. Ne5
Rfd8) 17... Qb8 18. Ne5 Rxc1 19. Rxc1 a6 20. Nc3 Qa8 $11 {Black chances for
sure not worse.White hasn,t any attack, but from other point of view pawn on
d4 is only weakeness in there camp} 21. f3 Nxc3 {Bacrot was not in harry with
this exchange and could simply play} (21... Rc8 $5 {with nice game.}) 22. bxc3
Rd8 23. Bg5 h6 24. Bh4 (24. Bxf6 Bxf6 25. Qd3 b5 26. Qh7+ Kf8 {and White can,t
increase preasure.}) 24... b5 25. Qc2 Kf8 $1 26. a4 $1 Bd5 (26... b4 $6 27.
cxb4 Rxd4 $140 $2 28. Bxf6 gxf6 (28... Bxf6 29. Qc5+) 29. Qh7 $18) 27. axb5
axb5 28. Qe2 Qa3 29. Qe1 Nd7 $5 $11 (29... b4 30. c4 $14) 30. Bxe7+ Kxe7 31.
Nd3 (31. Nxd7 Rxd7 32. Be4 (32. Bd3 b4) 32... Qd6 $11) 31... Rc8 32. Nb4 Nb6
33. Bd3 Bc4 34. Ra1 Qb2 35. Rb1 (35. Ra7+ Kf8 36. Qh4 $2 Qc1+ 37. Kf2 Qd2+ 38.
Kg1 Qe3+ 39. Qf2 Qc1+ 40. Bf1 Qxc3 $19) 35... Qa3 36. Ra1 Qb2 37. Rb1 Qa3
1/2-1/2

[Event "CZE-ch"]
[Site "Zlin"]
[Date "1997.??.??"]
[Round "5"]
[White "Babula, Vlastimil"]
[Black "Votava, Jan"]
[Result "1-0"]
[WhiteElo "2535"]
[BlackElo "2530"]
[Annotator "Psakhis,L"]
[PlyCount "59"]
[EventDate "1997.06.12"]
[EventType "tourn"]
[EventRounds "11"]
[EventCountry "CZE"]
[EventCategory "10"]
[SourceTitle "CBM 061"]
[Source "ChessBase"]
[SourceDate "1997.11.23"]
[SourceVersion "1"]
[SourceVersionDate "1997.11.23"]
[SourceQuality "1"]

1. d4 Nf6 2. c4 e6 3. Nc3 Bb4 4. e3 O-O 5. Bd3 d5 6. Nf3 b6 7. O-O dxc4 8. Bxc4
c5 9. a3 Bxc3 10. bxc3 Nbd7 11. Bd3 Bb7 12. Re1 e5 (12... Ne4 13. Bb2 Qc7 14.
c4 Rac8 15. Qc2 Ndf6 16. Ne5 Rfd8 17. f3 Nd6 18. Qf2 Nd7 19. d5 exd5 20. cxd5
Bxd5 21. Ng4 Ne8 22. Qh4 Nf8 23. Rad1 f6 24. Ba6 Bb3 25. Rb1 Ng6 26. Qh3 c4 27.
Bxc8 {Kortschnoj,V-Ljubojevic,L/Luzern olm 1982/BIG 80/1-0 (42)}) (12... Be4 $5
13. Bf1 Qc7 14. Nd2 Bb7 15. Bb2 Rad8 16. e4 Nb8 17. a4 Nc6 18. Nf3 Nd7 19. Bd3
Nde5 20. Nxe5 Nxe5 21. Bf1 Nc6 22. Qc2 Na5 23. dxc5 {1/2-1/2 Giddins,S-Barsov,
A/Antwerpen op 1996/EXT 96op2}) 13. e4 Qc7 $6 {N/} (13... Qe7 $5 14. Bg5 Qe6
15. a4 h6 16. Bd2 exd4 {1/2-1/2 Gerber,R-Landenbergue,C/Geneve op 1995/EXP 46})
14. Bg5 $1 exd4 15. cxd4 cxd4 16. Nxd4 $36 {[%cal Re4e5,Rd4f5]} Rfe8 17. Rc1
Qe5 (17... Qd8 $5 18. f3 $5 $14 (18. Nf5 Nc5) (18. Nc6 Bxc6 19. Rxc6 Nc5 20.
Bxf6 Qxd3 21. Qg4 g6)) 18. Nf3 Qa5 19. Rc7 Rac8 $2 (19... Rab8 $1 20. Qb3 $1 (
20. Bxf6 Nxf6 21. Bc4 Rf8 (21... Rxe4 $2 22. Bxf7+ Kh8 23. Rxb7 $1 $18) 22. Qb3
Bxe4 23. Bxf7+ Kh8) 20... Rf8 (20... Ne5 21. Bd2 Nxf3+ 22. gxf3 Qh5 23. Bc4 $16
) 21. Qb4 $5 $14) 20. Rxb7 $1 Nc5 21. Rxf7 (21. e5 $5) 21... Kxf7 (21... Nxd3
$5 22. Rxg7+ Kxg7 23. Qxd3 $16) 22. Bc4+ Kf8 (22... Ne6 23. Bd2 $1 Qxa3 24.
Ng5+ Ke7 25. Bxe6 $18) (22... Re6 23. e5) 23. Qd6+ Re7 24. Bxf6 gxf6 25. Qxf6+
Ke8 26. Rc1 $1 (26. Bd5 $5 Qxa3 27. Bc6+) 26... Qa4 (26... Kd8 27. Ne5 Qd2 28.
Nf7+ $18) (26... Nd7 27. Bf7+ Kd8 28. Qh8+ $18) (26... Ne6 27. Bb5+ Qxb5 28.
Rxc8+ Kd7 29. Rc1 $18) 27. Nd4 $18 (27. Ne5 $5) 27... Kd8 28. Bb5 Qxa3 29. Qd6+
(29. Ne6+ $5 Nxe6 30. Qh8+) 29... Rd7 (29... Nd7 30. Ne6+ Ke8 31. Rxc8+ Kf7 32.
Qf4+ Kg6 33. Qf5+) 30. Ne6+ 1-0

[Event "Skopje op 18th"]
[Site "Skopje"]
[Date "2002.01.20"]
[Round "6"]
[White "Rogozenco, Dorian"]
[Black "Georgiev, Kiril"]
[Result "0-1"]
[WhiteElo "2530"]
[BlackElo "2655"]
[Annotator "Rogozenco,D"]
[PlyCount "36"]
[EventDate "2002.01.15"]
[EventType "swiss"]
[EventRounds "9"]
[EventCountry "MKD"]
[SourceTitle "CBM 088"]
[Source "ChessBase"]
[SourceDate "2002.03.21"]
[SourceVersion "1"]
[SourceVersionDate "2002.03.21"]
[SourceQuality "1"]

1. d4 Nf6 2. c4 e6 3. Nc3 Bb4 4. e3 O-O 5. Bd3 d5 6. Nf3 c5 7. O-O dxc4 8. Bxc4
Nbd7 9. a3 cxd4 10. axb4 dxc3 11. bxc3 Qc7 12. Qe2 $6 (12. Qb3 $142) 12... b6
13. Bd2 Bb7 14. Ba6 Be4 15. h3 Rfd8 16. Rfd1 Nb8 17. Bb5 a6 18. Be1 $4 {
[%mdl 8192] The long diagonal proved to be "too long" for me, as I didn't
observe that the rook on a8 is protected...} (18. Ng5 {is about equal.}) 18...
axb5 0-1